[Event "Aimchess Rapid KO"]
[Site "chess24.com INT"]
[Date "2022.10.18"]
[Round "1.11"]
[White "Vidit, Santosh Gujrathi"]
[Black "Duda, Jan-Krzysztof"]
[Result "1/2-1/2"]
[WhiteTitle "GM"]
[BlackTitle "GM"]
[WhiteElo "2710"]
[BlackElo "2731"]
[WhiteFideId "5029465"]
[BlackFideId "1170546"]
[EventDate "2022.10.18"]
[EventType "k.o."]

1. Nf3 d5 2. e3 Nf6 3. c4 e6 4. Nc3 Be7 5. b3 O-O 6. Bb2 c5 7. cxd5 exd5 8. d4
Nc6 9. Rc1 Ne4 10. dxc5 Bf6 11. a3 Nxc5 12. b4 Ne4 13. Be2 Bg4 14. O-O Rc8 15.
Ba1 Nxb4 16. Nxe4 dxe4 17. Rxc8 Bxc8 18. Qxd8 Rxd8 19. Bxf6 gxf6 20. axb4 exf3
21. Bxf3 Rd6 22. Rc1 Be6 23. Ra1 Rb6 24. Rxa7 Rxb4 25. Rxb7 Rxb7 26. Bxb7 h6 27.
Kf1 Kg7 28. Ke2 Bc4+ 29. Kd2 Kf8 30. Kc3 Be6 31. Kd4 Ke7 32. Bd5 Bf5 33. e4 Bd7
34. Ke3 Kf8 35. Kf4 Kg7 36. Bc4 Bc6 37. Be2 Bd7 38. Bg4 Bc6 39. Bh5 Bd7 40. Ke3
Kf8 41. Kd4 Bc6 42. Bg4 Ke7 43. Bf5 Kd6 44. f3 Bb5 45. Bc8 Bf1 46. g3 Be2 47.
Ke3 Bd1 48. Kf4 Ke7 49. Bb7 Kf8 50. Bd5 Kg7 51. Ke3 Kf8 52. Bc4 Ke7 53. Be2 Ba4
54. Kd4 Kd6 55. Bc4 Ke7 56. Ke3 Kf8 57. Be2 Bb3 58. Kf4 Be6 59. Bb5 Bb3 60. Kg4
Bd1 61. Bd7 Kg7 62. Kf4 Kf8 63. Bg4 Ke7 64. Ke3 Kd6 65. Bh5 Ke7 66. Kf2 Bc2 67.
Bg4 Bb3 68. Kg2 Bd1 69. Kh3 Kf8 70. Kh4 Kg7 71. f4 Bc2 72. Bf5 Bd3 73. g4 Be2
74. Bd7 Bf3 75. Bc6 Bd1 76. Bd5 Be2 77. e5 fxe5 78. fxe5 Bd3 79. g5 Kg6 80. gxh6
f6 81. h7 Kxh7 82. exf6 Kg6 83. f7 Kg7 84. Kg5 Be4 85. Be6 Bd3 86. h4 Bc2 87. h5
Bd3 88. h6+ Kf8 89. Kf6 Be4 90. Bg4 Bd3 91. Bh5 Bh7 92. Bg6 Bg8 93. Bf5 Bh7 94.
Bg4 Bd3 95. Be2 Be4 96. Bc4 Bc2 97. Ba2 Bd3 98. Bd5 Bc2 99. Bf3 Bd3 100. Bh1 Bc2
101. Ba8 Bd3 102. Bb7 Bc2 103. Bg2 Bd3 104. Bh3 Bc2 105. Bg4 Bd3 1/2-1/2

[Event "Aimchess Rapid KO"]
[Site "chess24.com INT"]
[Date "2022.10.18"]
[Round "1.11"]
[White "Abdusattorov, Nodirbek"]
[Black "Mamedyarov, Shakhriyar"]
[Result "0-1"]
[WhiteTitle "GM"]
[BlackTitle "GM"]
[WhiteElo "2713"]
[BlackElo "2747"]
[WhiteFideId "14204118"]
[BlackFideId "13401319"]
[EventDate "2022.10.18"]
[EventType "k.o."]

1. d4 Nf6 2. c4 g6 3. g3 c6 4. Bg2 d5 5. Nf3 Bg7 6. O-O O-O 7. b3 a5 8. Nc3 Ne4
9. Bb2 Bf5 10. Rc1 Nxc3 11. Bxc3 Be4 12. e3 a4 13. Nd2 Bxg2 14. Kxg2 axb3 15.
Qxb3 dxc4 16. Nxc4 Qd5+ 17. f3 Nd7 18. Rf2 Ra7 19. e4 Qb5 20. Qxb5 cxb5 21. Ne3
Rc8 22. Rfc2 e6 23. Rb1 Ra6 24. Rxb5 Rac6 25. Rb3 Nb6 26. Re2 Rxc3 27. Rxb6 Bxd4
28. Rb3 Rxb3 29. axb3 Rc3 30. Nc2 Bb6 31. b4 Kf8 32. Rd2 Ke7 33. e5 g5 34. f4 g4
35. h3 h5 36. hxg4 hxg4 37. Nd4 Rc4 38. Nc2 Ba7 39. Kh2 b5 40. Kg2 Bb6 41. Kh2
Rc3 42. Kg2 Rc4 43. Kf1 f6 44. exf6+ Kxf6 45. Re2 Rc3 46. Kg2 Rb3 47. Kh2 Rd3
48. Kg2 Bd4 49. Nxd4 Rxd4 50. Rb2 e5 51. fxe5+ Kxe5 52. Kf2 Re4 53. Rb3 Kd4 54.
Rb2 Kc3 55. Rb1 Rxb4 56. Rc1+ Kd3 57. Rd1+ Ke4 58. Re1+ Kd5 59. Rd1+ Ke4 60.
Re1+ Kf5 61. Rd1 Ke5 62. Ra1 Rb2+ 63. Ke3 Rb3+ 64. Kf2 Ke4 65. Re1+ Kd4 66. Re8
Rb4 67. Rb8 Kd3 68. Rb7 Rb2+ 69. Kf1 b4 0-1

[Event "Aimchess Rapid KO"]
[Site "chess24.com INT"]
[Date "2022.10.18"]
[Round "1.11"]
[White "Gukesh, D"]
[Black "Rapport, Richard"]
[Result "1/2-1/2"]
[WhiteTitle "GM"]
[BlackTitle "GM"]
[WhiteElo "2732"]
[BlackElo "2754"]
[WhiteFideId "46616543"]
[BlackFideId "738590"]
[EventDate "2022.10.18"]
[EventType "k.o."]

1. d4 d5 2. c4 c6 3. Nf3 Nf6 4. cxd5 cxd5 5. Nc3 Nc6 6. Bf4 Bf5 7. Qb3 Na5 8.
Qa4+ Bd7 9. Qc2 e6 10. e3 Be7 11. Bd3 Nc6 12. a3 Nh5 13. Be5 f6 14. Bg3 f5 15.
Be5 Nf6 16. Bxf6 Bxf6 17. O-O Rc8 18. Rac1 O-O 19. b4 Be8 20. Qd2 Bh5 21. Be2
Bxf3 22. Bxf3 Be7 23. g3 Bd6 24. Na4 b6 25. Nb2 a5 26. Nd3 axb4 27. axb4 Qe7 28.
Rb1 Rc7 29. Rfc1 Rfc8 30. Be2 g5 31. Kg2 Kg7 32. Rc2 h6 33. Rbc1 Nd8 34. Nc5
bxc5 35. bxc5 Nf7 36. Ba6 Ra8 37. cxd6 Rxc2 38. Rxc2 Qxd6 39. Bd3 g4 40. Rc5 Ng5
41. Qc3 Rf8 42. Rc6 Qd8 43. Qc5 Qf6 44. Qd6 Rf7 45. Rc8 Rf8 46. Rc7+ Rf7 47. Rc8
Rf8 48. Rc7+ Rf7 49. Rc8 1/2-1/2

[Event "Aimchess Rapid KO"]
[Site "chess24.com INT"]
[Date "2022.10.18"]
[Round "1.12"]
[White "Duda, Jan-Krzysztof"]
[Black "Vidit, Santosh Gujrathi"]
[Result "1-0"]
[WhiteTitle "GM"]
[BlackTitle "GM"]
[WhiteElo "2731"]
[BlackElo "2710"]
[WhiteFideId "1170546"]
[BlackFideId "5029465"]
[EventDate "2022.10.18"]
[EventType "k.o."]

1. d4 d5 2. c4 dxc4 3. e4 e5 4. Nf3 Bb4+ 5. Bd2 Bxd2+ 6. Qxd2 exd4 7. Qxd4 Nf6
8. Qxd8+ Kxd8 9. Nc3 Be6 10. Nd4 Ke7 11. f4 Rd8 12. O-O-O c5 13. Nxe6 Rxd1+ 14.
Nxd1 fxe6 15. Bxc4 Nc6 16. Re1 Rd8 17. Nc3 Rd4 18. b3 a6 19. e5 Ng4 20. g3 Nb4
21. Kb1 b5 22. Be2 Nf2 23. a3 Nd5 24. Nxd5+ exd5 25. Kc2 c4 26. bxc4 dxc4 27.
Rf1 Ne4 28. Rd1 Rxd1 29. Bxd1 g5 30. f5 a5 31. f6+ Kf8 32. Bf3 Nc5 33. Kc3 Nd7
34. Kd4 c3 35. Bd1 b4 36. a4 Kf7 37. Bb3+ Kg6 38. Kd5 g4 39. Bc2+ Kf7 40. e6+
Kxf6 41. exd7 Ke7 42. Kc6 1-0

[Event "Aimchess Rapid KO"]
[Site "chess24.com INT"]
[Date "2022.10.18"]
[Round "1.12"]
[White "Mamedyarov, Shakhriyar"]
[Black "Abdusattorov, Nodirbek"]
[Result "1/2-1/2"]
[WhiteTitle "GM"]
[BlackTitle "GM"]
[WhiteElo "2747"]
[BlackElo "2713"]
[WhiteFideId "13401319"]
[BlackFideId "14204118"]
[EventDate "2022.10.18"]
[EventType "k.o."]

1. d4 Nf6 2. c4 e6 3. Nf3 c5 4. d5 exd5 5. cxd5 d6 6. Nc3 g6 7. e4 Bg7 8. h3 O-O
9. Bd3 b5 10. Bxb5 Nxe4 11. Nxe4 Qa5+ 12. Nfd2 Qxb5 13. Nxd6 Qa6 14. N2c4 Nd7
15. O-O Ne5 16. Nxe5 Bxe5 17. Nxc8 Raxc8 18. Qf3 Rfe8 19. Rd1 c4 20. d6 Bxd6 21.
Bd2 Be5 22. Bc3 Bxc3 23. Qxc3 Re2 24. Re1 Rxe1+ 25. Qxe1 Qf6 26. Qc3 Qxc3 27.
bxc3 Rd8 28. Rb1 Rd3 29. Rb7 Rxc3 30. Rxa7 Rc2 31. g4 Kg7 32. a4 Kf6 33. a5 c3
34. a6 Ra2 35. Rc7 Rxa6 36. Rxc3 Kg7 37. Kg2 Ra5 38. Rd3 h5 39. Re3 hxg4 40.
hxg4 g5 41. Rd3 Rb5 42. Re3 Ra5 43. Rd3 Re5 44. Rc3 Ra5 45. Rd3 1/2-1/2

[Event "Aimchess Rapid KO"]
[Site "chess24.com INT"]
[Date "2022.10.18"]
[Round "1.12"]
[White "Rapport, Richard"]
[Black "Gukesh, D"]
[Result "0-1"]
[WhiteTitle "GM"]
[BlackTitle "GM"]
[WhiteElo "2754"]
[BlackElo "2732"]
[WhiteFideId "738590"]
[BlackFideId "46616543"]
[EventDate "2022.10.18"]
[EventType "k.o."]

1. Nf3 d5 2. g3 g6 3. Bg2 Bg7 4. O-O e5 5. d3 Ne7 6. e4 O-O 7. exd5 Nxd5 8. Re1
Nc6 9. Nc3 Nde7 10. Rb1 a5 11. b3 h6 12. Bb2 Re8 13. a3 Be6 14. Nb5 Bd5 15. c4
Bxf3 16. Qxf3 Qd7 17. h4 Rad8 18. Rbd1 Nc8 19. Kh2 h5 20. Bh3 f5 21. Qd5+ Kf8
22. Qh1 N8e7 23. Bc1 Bf6 24. Nc3 Qd4 25. Nb5 Qxf2+ 26. Qg2 Qxg2+ 27. Bxg2 Rd7
28. Bh6+ Kf7 29. Rb1 Nd8 30. Red1 c6 31. Nc3 Ne6 32. b4 axb4 0-1

[Event "Aimchess Rapid KO"]
[Site "chess24.com INT"]
[Date "2022.10.18"]
[Round "1.13"]
[White "Vidit, Santosh Gujrathi"]
[Black "Duda, Jan-Krzysztof"]
[Result "0-1"]
[WhiteTitle "GM"]
[BlackTitle "GM"]
[WhiteElo "2710"]
[BlackElo "2731"]
[WhiteFideId "5029465"]
[BlackFideId "1170546"]
[EventDate "2022.10.18"]
[EventType "k.o."]

1. e4 e5 2. Nf3 Nc6 3. Bc4 Bc5 4. d3 Nf6 5. O-O O-O 6. h3 d5 7. exd5 Nxd5 8. Re1
Be6 9. Nbd2 f6 10. Nb3 Bb6 11. d4 Kh8 12. Bf1 Bf5 13. dxe5 Ndb4 14. exf6 Qxf6
15. Re2 Rad8 16. Qe1 h6 17. Qc3 Qxc3 18. bxc3 Nxc2 19. Rb1 Ne3 20. Ba3 Bxb1 21.
Bxf8 Nxf1 22. Bc5 Bxc5 23. Nxc5 Rd1 24. Re8+ Kh7 25. Ne6 Nd2+ 26. Kh2 Nxf3+ 27.
gxf3 Kg6 0-1

[Event "Aimchess Rapid KO"]
[Site "chess24.com INT"]
[Date "2022.10.18"]
[Round "1.13"]
[White "Abdusattorov, Nodirbek"]
[Black "Mamedyarov, Shakhriyar"]
[Result "1/2-1/2"]
[WhiteTitle "GM"]
[BlackTitle "GM"]
[WhiteElo "2713"]
[BlackElo "2747"]
[WhiteFideId "14204118"]
[BlackFideId "13401319"]
[EventDate "2022.10.18"]
[EventType "k.o."]

1. d4 Nf6 2. c4 g6 3. g3 c6 4. Bg2 d5 5. Nf3 Bg7 6. O-O O-O 7. Ne5 Ng4 8. cxd5
cxd5 9. Bf4 Nxe5 10. Bxe5 Bxe5 11. dxe5 Nc6 12. Qxd5 Qxd5 13. Bxd5 Nxe5 14. Nc3
Rb8 15. Rfd1 b6 16. Bb3 Ba6 17. Rac1 Rfd8 18. f4 Ng4 19. h3 Ne3 20. Rxd8+ Rxd8
21. Kf2 Nc4 22. Ne4 Nd2 23. Nxd2 Rxd2 24. Rc2 Rxc2 25. Bxc2 Kg7 26. e4 f6 27. e5
Bc8 28. h4 Be6 29. a3 f5 30. Ke3 Kf7 31. Kd4 Ke8 32. b4 h5 33. a4 Kd8 34. a5 Bd7
35. Kd5 Kc7 36. e6 Bc6+ 37. Ke5 Bb5 38. Bd1 Bc6 39. Be2 b5 40. a6 Be8 41. Kd4
Kd6 42. Bf3 Bc6 43. Bxc6 Kxc6 44. Ke5 Kc7 45. Kd5 Kb6 46. Kd4 Kxa6 47. Kc5 Kb7
48. Kxb5 a6+ 49. Kc5 Kc7 50. Kd5 Kb6 51. Kd4 Kc6 52. Ke5 Kb5 53. Kd5 Kb6 54. Kd4
Kc6 55. Ke5 Kb5 56. Kd5 Kb6 1/2-1/2

[Event "Aimchess Rapid KO"]
[Site "chess24.com INT"]
[Date "2022.10.18"]
[Round "1.13"]
[White "Gukesh, D"]
[Black "Rapport, Richard"]
[Result "0-1"]
[WhiteTitle "GM"]
[BlackTitle "GM"]
[WhiteElo "2732"]
[BlackElo "2754"]
[WhiteFideId "46616543"]
[BlackFideId "738590"]
[EventDate "2022.10.18"]
[EventType "k.o."]

1. d4 e6 2. c4 c5 3. d5 exd5 4. cxd5 d6 5. Nc3 g6 6. e4 Bg7 7. f4 Qh4+ 8. g3 Qe7
9. Nge2 Nf6 10. Bg2 O-O 11. O-O Nbd7 12. a4 a6 13. a5 Rb8 14. h3 b5 15. axb6
Rxb6 16. Qc2 Rb4 17. Be3 Nxe4 18. Nxe4 f5 19. N2c3 fxe4 20. Rfe1 Nf6 21. Bf2 Qb7
22. Ra2 Bf5 23. Qe2 Re8 24. Qxa6 Rxb2 25. Qxb7 Rxb7 26. g4 Rb3 27. Re3 Bc8 28.
Ra8 Nxg4 29. Rxe4 Rf8 30. hxg4 Bxc3 31. f5 Rb1+ 32. Bf1 Bb7 33. Rxf8+ Kxf8 34.
fxg6 hxg6 35. Re6 Ba6 36. Rxd6 Bxf1 37. Bxc5 Kf7 38. Rd7+ Kf6 39. Kf2 Bb5 40.
Rd6+ Kf7 41. Rb6 Be1+ 42. Ke3 Rb3+ 43. Kf4 Bc4 44. Re6 Bh4 45. g5 Bxd5 46. Re7+
Kg8 47. Re8+ Kg7 48. Kg4 Bg3 49. Re7+ Kg8 50. Re8+ Kg7 51. Re7+ Bf7 52. Rd7 Be5
53. Re7 Bb2 54. Rc7 Rd3 55. Rb7 Rd5 0-1

[Event "Aimchess Rapid KO"]
[Site "chess24.com INT"]
[Date "2022.10.18"]
[Round "1.14"]
[White "Mamedyarov, Shakhriyar"]
[Black "Abdusattorov, Nodirbek"]
[Result "1/2-1/2"]
[WhiteTitle "GM"]
[BlackTitle "GM"]
[WhiteElo "2747"]
[BlackElo "2713"]
[WhiteFideId "13401319"]
[BlackFideId "14204118"]
[EventDate "2022.10.18"]
[EventType "k.o."]

1. d4 d6 2. Nf3 Nf6 3. g3 c5 4. Bg2 cxd4 5. Nxd4 e6 6. O-O Be7 7. c4 O-O 8. Nc3
a6 9. b3 Qc7 10. Bb2 Nc6 11. Rc1 Ne5 12. h3 Bd7 13. f4 Nc6 14. Nd5 exd5 15. cxd5
Nxd5 16. Nxc6 bxc6 17. Qxd5 a5 18. Kh2 a4 19. Qd3 Rfe8 20. Rc2 axb3 21. axb3
Rab8 22. b4 Bf8 23. Bc3 Qc8 24. Rfc1 d5 25. e4 dxe4 26. Bxe4 h6 27. Be5 Rxb4 28.
Bxc6 Bxc6 29. Rxc6 Qa8 30. R1c2 Rb1 31. Rc1 Rb4 32. R1c2 Rd8 33. Qa6 Qxa6 34.
Rxa6 f6 35. Bc7 Rd1 36. Ra8 Kf7 37. Rd8 Rxd8 38. Bxd8 Rb5 39. Ra2 Rb8 40. Rd2
Rb5 41. Ra2 h5 42. Ba5 Ke6 43. Kg2 Bd6 44. Bd2 Rb3 45. Be1 h4 46. Re2+ Kf7 47.
g4 g5 48. fxg5 fxg5 49. Bf2 Bf4 50. Be1 Kg6 51. Bf2 Kf7 52. Be1 Kg6 53. Bf2 Kf7 1/2-1/2

[Event "Aimchess Rapid KO"]
[Site "chess24.com INT"]
[Date "2022.10.18"]
[Round "1.14"]
[White "Rapport, Richard"]
[Black "Gukesh, D"]
[Result "1-0"]
[WhiteTitle "GM"]
[BlackTitle "GM"]
[WhiteElo "2754"]
[BlackElo "2732"]
[WhiteFideId "738590"]
[BlackFideId "46616543"]
[EventDate "2022.10.18"]
[EventType "k.o."]

1. Nf3 d5 2. b3 Nf6 3. Bb2 c5 4. e3 g6 5. g3 Bg7 6. Bg2 O-O 7. O-O b6 8. c4 Bb7
9. Na3 Nbd7 10. Qe2 Qb8 11. cxd5 Bxd5 12. d3 e5 13. Nc4 Re8 14. e4 Bc6 15. a4
Qc7 16. Bc3 a6 17. Rfc1 b5 18. Na5 Rab8 19. Nxc6 Qxc6 20. axb5 axb5 21. b4 Qd6
22. Qb2 cxb4 23. Bxb4 Qxd3 24. Ng5 Bf8 25. Bf1 Qd4 26. Bc3 Qd6 27. Qb3 Qe7 28.
Ra7 Nc5 29. Qxf7+ Qxf7 30. Nxf7 Ncd7 31. Ng5 Bc5 32. Ra5 h6 33. Nf3 Nxe4 34. Be1
Nd6 35. Bh3 Nf5 36. Nh4 Rbc8 37. Nxf5 gxf5 38. Bxf5 Bxf2+ 39. Kxf2 Rxc1 40. Bxd7
Rf8+ 41. Ke2 Rc2+ 42. Ke3 Rxh2 43. Rxb5 Rf1 44. Bc3 Kf7 45. Bc6 Rc1 46. Bd5+ Kf6
47. Rb6+ Kg5 48. Bb4 Rc7 49. Be4 Rg7 50. Bf8 Rg8 51. Be7+ Kg4 52. Bf6 Rg5 53.
Bxg5 hxg5 54. Rg6 Rh3 55. Bf3+ Kf5 56. Be4+ Kg4 57. Bf3+ Kf5 58. Rg8 Rxg3 59.
Kf2 Rh3 60. Rf8+ Kg6 61. Be4+ Kg7 62. Rf5 Ra3 63. Rxg5+ Kf6 64. Rg6+ Kf7 65. Rb6
Ke7 66. Ke2 Rc3 67. Kd2 Rg3 68. Rh6 Ra3 69. Rg6 Rh3 70. Kc2 Re3 71. Rg4 Kd6 72.
Kd2 Ra3 73. Ke2 Rc3 74. Bd3 Kd5 75. Ke3 Ra3 76. Rh4 Rc3 77. Rh8 Ra3 78. Rd8+ Ke6
79. Rb8 Kd5 80. Rb5+ Kd6 81. Rb4 Kd5 82. Rc4 Rb3 83. Rc8 Ra3 84. Rd8+ Ke6 85.
Kd2 Ra4 86. Kc3 Rd4 87. Bc4+ Ke7 88. Rh8 Rd1 89. Rh6 Rd6 90. Rh7+ Kf6 91. Rf7+
Kg5 92. Bd3 Kg4 93. Re7 Kf4 94. Kd2 Rb6 95. Rf7+ Kg3 96. Ke3 Rb3 97. Rg7+ Kh3
98. Ke4 Kh2 99. Be2 Rg3 100. Bg4 Kg2 101. Bf3+ Kh2 102. Rh7+ Rh3 103. Re7 Rh4+
104. Ke3 e4 105. Be2 Rh3+ 106. Kf4 Kg2 107. Rb7 Rh8 108. Ke3 Rh3+ 109. Kf4 Rh8
110. Bg4 Rf8+ 111. Ke3 Rg8 112. Bd1 Kg3 113. Rb5 Rg7 114. Be2 Rg6 115. Rh5 Rg7
116. Rh8 Rg5 117. Bf1 Rg7 118. Rh1 Rg5 119. Rh7 Rg6 120. Rh8 Rg5 121. Bc4 Rg7
122. Be6 Rg5 123. Rh3+ Kg2 124. Kf4 Rc5 125. Re3 Kf2 126. Bg4 Rc2 127. Bh5 Rd2
128. Bg4 Rb2 129. Be6 Re2 130. Rh3 Rd2 131. Rh2+ Ke1 132. Rh1+ Kf2 133. Bc4 Kg2
134. Rc1 Kf2 135. Rf1+ Kg2 136. Ke3 Rc2 137. Be2 Rc3+ 138. Kd4 Rc2 139. Bb5 e3
140. Kxe3 Rc3+ 141. Kd4 Rf3 142. Rb1 Rf5 143. Bd3 Rg5 144. Ke4 Kg3 145. Be2 Ra5
146. Rb3+ Kf2 147. Bc4 Ra7 148. Kf4 Rd7 149. Rb2+ Ke1 150. Ke3 Re7+ 151. Kd3
Rd7+ 152. Kc3 Re7 153. Bd3 Re3 154. Kd4 Re7 155. Be4 Rd7+ 156. Ke3 Rd8 157. Rg2
Rf8 158. Bg6 Rf6 159. Bd3 Re6+ 160. Be4 Rf6 161. Re2+ Kf1 162. Rh2 Ke1 163. Re2+
Kf1 164. Rc2 Kg1 165. Rg2+ Kf1 166. Rg5 Ke1 167. Bf5 1-0

[Event "Aimchess Rapid KO"]
[Site "chess24.com INT"]
[Date "2022.10.19"]
[Round "2.11"]
[White "Carlsen, Magnus"]
[Black "Duda, Jan-Krzysztof"]
[Result "1/2-1/2"]
[WhiteTitle "GM"]
[BlackTitle "GM"]
[WhiteElo "2856"]
[BlackElo "2731"]
[WhiteFideId "1503014"]
[BlackFideId "1170546"]
[EventDate "2022.10.18"]
[EventType "k.o."]

1. c4 e6 2. Nc3 Nf6 3. e4 d5 4. e5 d4 5. exf6 dxc3 6. bxc3 Qxf6 7. Nf3 c5 8. Bd3
Bd6 9. Rb1 Nc6 10. Be4 O-O 11. d4 h6 12. g4 Bf4 13. h4 e5 14. g5 Qd6 15. dxe5
Bxe5 16. Qxd6 Bxd6 17. O-O Re8 18. Bd5 Ne7 19. Bxb7 Rb8 20. Be4 Rxb1 21. Bxb1
Bb7 22. Rd1 Bb8 23. Nh2 hxg5 24. Bxg5 Ng6 25. Bxg6 fxg6 26. Nf1 Bf3 27. Rd7 Bc6
28. Re7 Be5 29. Rxa7 Bxc3 30. Ne3 Bf3 31. Kh2 Be5+ 32. Kh3 Rb8 33. Re7 Bd4 34.
Kg3 Be2 35. Bf4 Ra8 36. Nc2 Bxc4 37. Nxd4 cxd4 38. Be5 Bf7 39. Bxd4 Rxa2 40. Ra7
Rxa7 41. Bxa7 Be6 42. Kf4 Kf7 43. Kg5 Bd7 44. f4 Bc8 45. Bb8 Bd7 46. Be5 Bc8 47.
Bd4 Bd7 48. Be5 Bc8 49. Bd4 Bd7 50. Be5 1/2-1/2

[Event "Aimchess Rapid KO"]
[Site "chess24.com INT"]
[Date "2022.10.19"]
[Round "2.11"]
[White "Rapport, Richard"]
[Black "Mamedyarov, Shakhriyar"]
[Result "1-0"]
[WhiteTitle "GM"]
[BlackTitle "GM"]
[WhiteElo "2754"]
[BlackElo "2747"]
[WhiteFideId "738590"]
[BlackFideId "13401319"]
[EventDate "2022.10.18"]
[EventType "k.o."]

1. e4 e5 2. Nf3 Nc6 3. Bc4 Bc5 4. c3 Nf6 5. d3 O-O 6. Nbd2 a6 7. Bb3 d5 8. exd5
Nxd5 9. Ne4 Ba7 10. O-O f6 11. Re1 Kh8 12. Ng3 Be6 13. d4 Bg8 14. dxe5 fxe5 15.
Bg5 Nf6 16. Bxg8 Qxd1 17. Raxd1 Kxg8 18. Bxf6 gxf6 19. Rd7 Rf7 20. Red1 Rxd7 21.
Rxd7 Rd8 22. Nh5 Rxd7 23. Nxf6+ Kf7 24. Nxd7 e4 25. Nde5+ Nxe5 26. Nxe5+ Ke6 27.
Nc4 b5 28. Ne3 c5 29. b3 b4 30. c4 Ke5 31. Nc2 e3 32. f3 1-0

[Event "Aimchess Rapid KO"]
[Site "chess24.com INT"]
[Date "2022.10.19"]
[Round "2.12"]
[White "Duda, Jan-Krzysztof"]
[Black "Carlsen, Magnus"]
[Result "1-0"]
[WhiteTitle "GM"]
[BlackTitle "GM"]
[WhiteElo "2731"]
[BlackElo "2856"]
[WhiteFideId "1170546"]
[BlackFideId "1503014"]
[EventDate "2022.10.18"]
[EventType "k.o."]

1. d4 Nf6 2. c4 g6 3. Nc3 Bg7 4. e4 d6 5. h3 Nbd7 6. Be3 e5 7. Nf3 exd4 8. Nxd4
O-O 9. g4 Re8 10. Bg2 Nc5 11. Qc2 Nfxe4 12. Nxe4 Nxe4 13. Bxe4 Qe7 14. f3 c6 15.
Qb3 f5 16. gxf5 gxf5 17. O-O-O fxe4 18. Rhg1 Kh8 19. Rxg7 Kxg7 20. Rg1+ Kf7 21.
c5+ d5 22. Nb5 Rd8 23. Nd6+ Rxd6 24. cxd6 Qxd6 25. fxe4 Bd7 26. Rf1+ Ke6 27. Qc3
Rf8 28. exd5+ cxd5 29. Re1 Kf7 30. Kb1 Bf5+ 31. Ka1 Rc8 32. Qd4 Rc4 33. Qd1 Re4
34. Qb3 b6 35. Rf1 Ke6 36. Bd2 Qh2 37. Qc3 Rc4 38. Qe3+ Kd7 39. Rxf5 Qh1+ 40.
Be1 Re4 41. Rxd5+ Ke6 42. Qb3 Qxe1+ 43. Rd1+ Ke7 44. Qd5 Qe2 45. Rc1 Re6 46.
Qb7+ Kf6 47. Qxh7 a5 48. a3 Ke5 49. Qg7+ Kd5 50. Qd7+ Ke5 51. Rd1 Kf6 52. Qd4+
Kf7 53. Rg1 Qe5 54. Qd7+ Re7 55. Rf1+ Kg6 56. Qd3+ Kh6 57. Rg1 Re6 58. Qd2+ Qe3
59. Qg2 Qe5 60. Qg4 Qf6 61. h4 Re5 62. Rd1 Rf5 63. Qc4 b5 64. Qc1+ Kh5 65. Qc7
b4 66. a4 Qf7 67. Qxf7+ Rxf7 68. Rd5+ Kxh4 69. Ka2 Ra7 70. Kb3 Kg4 71. Kc4 Kf4
72. Kb5 Ke4 73. Rd8 b3 74. Rc8 Kd4 75. Kb6 Rh7 76. Rc3 Rh8 77. Kxa5 Rb8 78. Ka6
Ra8+ 79. Kb5 Rb8+ 80. Ka5 Kd5 81. Rc7 Kd4 82. Rc6 Kd3 83. Rc5 Kd2 84. Rb5 Rh8
85. Kb4 Kc2 86. Ka3 Rh1 87. Rc5+ Kb1 88. Rc3 1-0

[Event "Aimchess Rapid KO"]
[Site "chess24.com INT"]
[Date "2022.10.19"]
[Round "2.12"]
[White "Mamedyarov, Shakhriyar"]
[Black "Rapport, Richard"]
[Result "1/2-1/2"]
[WhiteTitle "GM"]
[BlackTitle "GM"]
[WhiteElo "2747"]
[BlackElo "2754"]
[WhiteFideId "13401319"]
[BlackFideId "738590"]
[EventDate "2022.10.18"]
[EventType "k.o."]

1. d4 Nf6 2. c4 g6 3. g3 c6 4. Bg2 d5 5. Nf3 Bg7 6. O-O O-O 7. a4 a5 8. cxd5
Nxd5 9. e4 Nb4 10. Nc3 Bg4 11. Be3 Qd7 12. Qd2 Rd8 13. Rad1 N8a6 14. Qe2 Nc7 15.
Rd2 h6 16. Rfd1 Qe6 17. Qf1 Qb3 18. Qe2 Qe6 19. Bf4 Ne8 20. Qf1 g5 21. Be3 Nc7
22. h3 Bh5 23. g4 Bg6 24. d5 cxd5 25. exd5 Qa6 26. Qxa6 Rxa6 27. Bc5 Rd7 28. h4
Bf6 29. hxg5 hxg5 30. Bf1 Ra8 31. d6 exd6 32. Rxd6 Rxd6 33. Rxd6 Ne6 34. Bc4 Rc8
35. Rxe6 Rxc5 36. Rxf6 Rxc4 37. Ne5 Rd4 38. Nxg6 Kg7 39. Rb6 Rxg4+ 40. Kf1 fxg6
41. Rxb7+ Kh6 42. Rb5 Rf4 43. Rxa5 Nd3 44. Nd1 Rb4 45. Rd5 Nf4 46. Ra5 Nd3 47.
f3 Nxb2 48. Rb5 Rxa4 49. Rxb2 g4 50. Rh2+ Kg7 51. fxg4 Rxg4 52. Rg2 Rxg2 53.
Kxg2 g5 54. Ne3 g4 55. Nxg4 1/2-1/2

[Event "Aimchess Rapid KO"]
[Site "chess24.com INT"]
[Date "2022.10.19"]
[Round "2.13"]
[White "Carlsen, Magnus"]
[Black "Duda, Jan-Krzysztof"]
[Result "1/2-1/2"]
[WhiteTitle "GM"]
[BlackTitle "GM"]
[WhiteElo "2856"]
[BlackElo "2731"]
[WhiteFideId "1503014"]
[BlackFideId "1170546"]
[EventDate "2022.10.18"]
[EventType "k.o."]

1. d4 Nf6 2. c4 e6 3. Nc3 Bb4 4. e3 c5 5. Bd3 d5 6. a3 Bxc3+ 7. bxc3 dxc4 8.
Bxc4 Qc7 9. Qe2 O-O 10. Bb2 Nc6 11. Nf3 e5 12. h3 h6 13. O-O Bf5 14. Rfd1 Rad8
15. Bb5 e4 16. Nh2 Na5 17. c4 a6 18. Ba4 cxd4 19. Bxd4 Qxc4 20. Qxc4 Nxc4 21.
Nf1 b5 22. Bc2 Bg6 23. a4 Nd5 24. axb5 axb5 25. Rdb1 Rb8 26. Ng3 Rfe8 27. h4 Nd2
28. Rd1 Nc4 29. h5 Bh7 30. Bb3 Nb4 31. Bxc4 bxc4 32. Rdc1 Rec8 33. Be5 Ra8 34.
Rxa8 Rxa8 35. Rxc4 Nd3 36. Bd4 Rb8 37. Ba7 Rb1+ 38. Kh2 f6 39. Rc8+ Kf7 40. Rc7+
Kg8 41. Ne2 Nxf2 42. Nf4 Rh1+ 43. Kg3 Nd3 44. Ne6 Rxh5 45. Rxg7+ Kh8 46. Rf7 Bg8
47. Rxf6 Bxe6 48. Rxe6 Rg5+ 49. Kh2 Ne1 50. Kg1 Nxg2 51. Kf2 h5 52. Rxe4 h4 53.
Re7 Kg8 54. Bd4 Rg6 55. Be5 Rg5 56. Bd4 Rg6 57. Re5 Kf7 58. Rh5 Rg4 59. Rh6 Ke7
60. Ra6 Kf7 61. Rf6+ Ke7 62. Rf3 Ke6 63. Rh3 Kf5 64. Bb6 Rb4 65. Bd4 Nxe3 66.
Bxe3 Kg4 67. Rh1 Rb2+ 68. Kf1 Rb1+ 69. Kg2 Rxh1 70. Kxh1 h3 71. Kh2 Kf3 72. Bf2
Kxf2 73. Kxh3 1/2-1/2

[Event "Aimchess Rapid KO"]
[Site "chess24.com INT"]
[Date "2022.10.19"]
[Round "2.13"]
[White "Rapport, Richard"]
[Black "Mamedyarov, Shakhriyar"]
[Result "1/2-1/2"]
[WhiteTitle "GM"]
[BlackTitle "GM"]
[WhiteElo "2754"]
[BlackElo "2747"]
[WhiteFideId "738590"]
[BlackFideId "13401319"]
[EventDate "2022.10.18"]
[EventType "k.o."]

1. e4 e5 2. Nf3 Nc6 3. Bc4 Bc5 4. c3 Nf6 5. d3 O-O 6. Nbd2 a5 7. O-O d6 8. h3
Ba7 9. Re1 Be6 10. Bb5 Ne7 11. d4 Ng6 12. Nf1 Nh5 13. Ne3 Nhf4 14. Bf1 Qc8 15.
Qc2 f5 16. exf5 Bxf5 17. Nxf5 Qxf5 18. Qxf5 Rxf5 19. g3 Nxh3+ 20. Bxh3 Rxf3 21.
Bg2 Rf6 22. Bxb7 Rb8 23. Bd5+ Kf8 24. Be3 exd4 25. cxd4 Rxb2 26. Rab1 Rxb1 27.
Rxb1 Bb6 28. Kg2 Ne7 29. Be4 h6 30. d5 Bxe3 31. Rb8+ Kf7 32. fxe3 c6 33. Rb7
cxd5 34. Bxd5+ Ke8 35. Rb8+ Kd7 36. Rb7+ Kd8 37. Rb8+ Nc8 38. Ra8 Kc7 39. Rxa5
Rf5 40. e4 Re5 41. a4 Ne7 42. Ra7+ Kb6 43. Rd7 Nxd5 44. Rxd6+ Kc7 45. Rxd5 Rxe4
46. a5 Ra4 47. Kh3 Kc6 48. Rf5 Kd6 49. g4 Ke6 50. Rb5 g5 51. Rb6+ Ke5 52. Rb5+
Ke6 53. Rb6+ Ke5 54. Rb5+ Ke6 55. Rb6+ 1/2-1/2